| Record ID | ia:fleshforfantasy0000lloy |
| Source | Internet Archive |
| Download MARC XML | https://archive.org/download/fleshforfantasy0000lloy/fleshforfantasy0000lloy_marc.xml |
| Download MARC binary | https://www.archive.org/download/fleshforfantasy0000lloy/fleshforfantasy0000lloy_meta.mrc |
LEADER: 01217cam 2200373 a 4500
001 ocn311765624
003 OCoLC
005 20220617001359.0
008 090227s2009 nyu 000 1 eng d
040 $aBTCTA$beng$cBTCTA$dZS3$dBDX$dOCLCF$dOCLCQ$dYDXCP$dIMD$dOCLCQ$dOCLCO
020 $a9780758212795
020 $a0758212798
035 $a(OCoLC)311765624
100 1 $aLloyd, Joan Elizabeth.
245 10 $aFlesh for fantasy /$cJoan Elizabeth Lloyd.
260 $aNew York :$bKensington Publishing,$c©2009.
300 $a382 pages ;$c21 cm
336 $atext$btxt$2rdacontent
337 $aunmediated$bn$2rdamedia
338 $avolume$bnc$2rdacarrier
505 0 $aSlow dancing -- Midnight butterfly.
650 0 $aErotic stories.
650 6 $aHistoires érotiques.
650 7 $aErotic stories.$2fast$0(OCoLC)fst00914957
655 7 $aErotic fiction.$2gsafd
655 7 $aShort stories.$2gsafd
938 $aBrodart$bBROD$n09963839$c$15.00
938 $aBaker and Taylor$bBTCP$nBK0008212517
938 $aYBP Library Services$bYANK$n8473307
029 1 $aAU@$b000068243755
029 1 $aNZ1$b13604165
029 1 $aNZ1$b14635846
994 $aZ0$bIME
948 $hNO HOLDINGS IN IME - 19 OTHER HOLDINGS